Idea general sobre la conducta política de D. Miguel Ramos de Arizpe, natural de la provincia de Coahuila, como diputado que ha sido por esta provincia en las Córtes generales y extraordinarias, y en las ordinarias de la Monarquía española desde el año de 1810 hasta el de 1821

Detalles Bibliográficos
Otros Autores: Ramos Arizpe, Miguel, 1775-1843
Formato: Libro
Lenguaje:Spanish
Publicado: México : imprenta en la oficina de Doña Herculana del Villar y socios, 1822.
Materias:
Colección:Banco de datos
Acervo:Biblioteca Palafoxiana. Colección de Pliegos Sueltos
Descripción Física:59 p. ; 4°
Tema general:Política
LEADER 00824nam a22001810004500
035 |a 86 
041 0 |a spa 
082 0 4 |a FR/PAFX/IMPS/C065/01943 
245 1 0 |a Idea general sobre la conducta política de D. Miguel Ramos de Arizpe, natural de la provincia de Coahuila, como diputado que ha sido por esta provincia en las Córtes generales y extraordinarias, y en las ordinarias de la Monarquía española desde el año de 1810 hasta el de 1821 
260 |a México : imprenta en la oficina de Doña Herculana del Villar y socios, 1822. 
300 |a 59 p. ; 4° 
610 1 4 |a México - Historia - Guerra de Independencia, 1810-1821 
650 1 0 |a Política 
700 1 |a Ramos Arizpe, Miguel, 1775-1843 
949 |a I01943 
942 |c PALAPLIE 
943 |g Biblioteca Palafoxiana. Colección de Pliegos Sueltos 
999 |c 1073376  |d 1073376